| 000 | 00423nam a2200157Ia 4500 | ||
|---|---|---|---|
| 008 | 210210b1992 xxu||||| |||| 00| 0 eng d | ||
| 020 | _a033391 016 8 | ||
| 082 | _a421.5 BALT | ||
| 100 | _aBALASUBRAMANIAN (T). | ||
| 245 | _aTextbook of english phonetics for Indian students. | ||
| 260 |
_aMadras. _bMacmillan India Ltd. _c1992 |
||
| 300 | _a207 | ||
| 650 | _aPhonetics | ||
| 690 | _aEnglish Language | ||
| 906 | _a046278 | ||
| 999 |
_c95705 _d95705 |
||